African fractals : (Record no. 352891)

000 -LEADER
fixed length control field 00811 a2200241 4500
003 - CONTROL NUMBER IDENTIFIER
control field OSt
005 - DATE AND TIME OF LATEST TRANSACTION
control field 20180116192350.0
008 - FIXED-LENGTH DATA ELEMENTS--GENERAL INFORMATION
fixed length control field 120531t xxu||||| |||| 00| 0 eng d
010 ## - LIBRARY OF CONGRESS CONTROL NUMBER
LC control number 98026043
020 ## - INTERNATIONAL STANDARD BOOK NUMBER
International Standard Book Number 0813526132 (cloth : alk. paper)
020 ## - INTERNATIONAL STANDARD BOOK NUMBER
International Standard Book Number 0813526140 (pbk. : alk. paper)
040 ## - CATALOGING SOURCE
Transcribing agency 0
082 00 - DEWEY DECIMAL CLASSIFICATION NUMBER
Classification number 514.7420
100 1# - MAIN ENTRY--PERSONAL NAME
Personal name Eglash, Ron,
9 (RLIN) 3146
245 10 - TITLE STATEMENT
Title African fractals :
Remainder of title modern computing and indigenous design /
Statement of responsibility, etc. Ron Eglash.
260 ## - PUBLICATION, DISTRIBUTION, ETC.
Place of publication, distribution, etc. New Brunswick, N.J. :
Name of publisher, distributor, etc. Rutgers University Press,
Date of publication, distribution, etc. c1999.
300 ## - PHYSICAL DESCRIPTION
Extent xi, 258 p. :
Other physical details ill. ;
Dimensions 26 cm.
650 10 - SUBJECT ADDED ENTRY--TOPICAL TERM
Topical term or geographic name entry element Ethnomathematics
Geographic subdivision Africa.
9 (RLIN) 3147
650 10 - SUBJECT ADDED ENTRY--TOPICAL TERM
Topical term or geographic name entry element Fractals.
9 (RLIN) 3148
650 10 - SUBJECT ADDED ENTRY--TOPICAL TERM
Topical term or geographic name entry element Mathematics
General subdivision Social aspects.
9 (RLIN) 3149
942 ## - ADDED ENTRY ELEMENTS (KOHA)
Institution code [OBSOLETE] SADA
Koha item type Book
Call number prefix 514.7420 EGL 1999
Source of classification or shelving scheme
Holdings
Withdrawn status Lost status Source of classification or shelving scheme Damaged status Not for loan Permanent Location Current Location Date acquired Total Checkouts Full call number Barcode Date last seen Cost, replacement price Price effective from Koha item type
          School of Art Design and Architecture (SADA) School of Art Design and Architecture (SADA) 04/18/2011   514.742 EGL 1999 SADA0000920 08/05/2011 2443.00 08/05/2011 Book
© 2023 Central Library, National University of Sciences and Technology. All Rights Reserved.